Tigres dos pântanos (Registo nº 883)

Detalhes MARC
000 -Etiqueta do registo
Cabeçalho 00462 a2200229 4500
005 - Identificador da versão
Campo de controlo 20240819123811.0
021 ## - Número do Depósito Legal
Código do país PT
035 ## - Other System Control Numbers
System Control Number 0000951
System Control Number 0000944
System Control Number 0000930
100 ## - Dados gerais de processamento
Dados gerais de processamento 20090204 m y0pory5003 ba
101 0# - Língua de publicação
Língua do texto, banda sonora, etc. Português
Língua do documento no original Inglês
102 ## - Pais de publicação ou produção
País de publicação Portugal
200 1# - Titulo e menção de responsabilidade
Título próprio Tigres dos pântanos
210 ## - Publicação, Distribuição, etc. 
Data da publicação, distribuição, etc. 2005
215 ## - Descrição física 
Dimensões 50 minutos
675 ## - Classificação Decimal Universal (CDU)
Notação 791-221.4
Edição BN
Língua da edição por
942 ## - Elementos de entrada adicionados (Koha)
Tipo de item no Koha Livro
966 ## - Identificação da Biblioteca
Sigla NUMETECA
994 ## - Estado da catalogação
Situação PARA CORRIGIR
Exemplares
Situação do levantamento Origin of item (home branch) (coded) Biblioteca de empréstimo Código de barras Cota Circulation type (not for loan) Tipo de documento Nota do exemplar Damaged status
  Biblioteca Escolar Eng. Nuno Mergulhão Biblioteca Escolar Eng. Nuno Mergulhão BENM2064 NF TIG 82   CD Audio Sem mensagem